Top 15 des meilleurs défenses - Statistiques

Statistiques générales
  • Ce quiz a été pris 90 fois
  • Le résultat moyen est 10 sur 15
Statistiques - réponses
Buts encaissés Réponse % Correct
40 Om/Marseille/Paris/Psg/Villareal
96%
20 Barcelone
95%
33 Manchester City
91%
36 Réal Madrid
88%
38 Bayern
87%
33 Atlético
76%
28 Naples
76%
29 Lens
70%
33 Juventus
63%
33 Newcastle
57%
38 Rome/As Rome/Roma/As Roma
41%
30 Lazio
39%
39 Rennes
39%
35 Real Sociedad
28%
38 Union Berlin
28%
Aucun quiz correspondant
Distribution des résultats
% des personnes avec chaque résultat
Percentile par nombre de réponses
Votre historique - résultats
Vous n’avez pas pris ce quiz